000 00306nam a2200133Ia 4500
100 _aBishop/Christopher M
942 _cBK
654 _aneural
245 _aNeural Network for Pattern recognition
260 _bOxford university press
_c1995
082 _a6.4
_bBIS
300 _a482
546 _aENGLISH
999 _c30956
_d30956